Normal view
MARC view
- Deo, Ravi B
Entry Personal Name
001 - CONTROL NUMBER
- control field: 66612
003 - CONTROL NUMBER IDENTIFIER
- control field: NUST
005 - DATE AND TIME OF LATEST TRANSACTION
- control field: 20210628203625.0
008 - FIXED-LENGTH DATA ELEMENTS
- fixed length control field: 210628|| aca||aabn | a|a d
040 ## - CATALOGING SOURCE
- Original cataloging agency: NUST
- Transcribing agency: NUST
100 ## - HEADING--PERSONAL NAME
- Personal name: Deo, Ravi B
670 ## - SOURCE DATA FOUND
- Source citation: Work cat.: (NUST): Deo, Ravi B, Composite materials testing and design, 12th volume, 1996
